Actas surrealistas /

Guardado en:
Otros Autores: Ezcurdia, Alberto C., trad.
Formato: Libro
Publicado: Buenos Aires : Quadrata, 2004
Materias:
Etiquetas: Agregar Etiqueta
Sin Etiquetas, Sea el primero en etiquetar este registro!
LEADER 01863nam a22002295a 4500
001 CEM.cems013124
005 20090526083952.0
008 130507s2004##################000#0#####d
003 CEMS
020 |a 987113925X 
082 0 4 |a 709.0406 
245 0 0 |a Actas surrealistas /  |c Traducción de Alberto C. Ezcurdia 
260 |a Buenos Aires :  |b Quadrata,  |c 2004 
300 |a 128 p. 
505 0 |a Vida surrealista / Víctor Crastre -- Notas sobre la poesía / André Breton y Paul Eluard -- El surrealismo en 1943 / Charles Duits -- Farewell al Surrealismo / Wolfgang Paalen -- El espíritu nuevo / André Breton -- Paisajes / Henry Miller -- Proclama / Víctor Brauner -- Jacques Rigaut / André Breton -- Robert Desnos / Matthew Josephson -- Entrada de los Mediums / André Breton -- Un perro andaluz / Carlos Fuentes -- Prólogo / Luis Buñuel y Salvador Dalí -- El vidrio del amor / Antonin Artaud -- Guillermo Tell (ballet portugués) / Salvador Dalí -- El Breton Lelgoualch / Raymon Roussel -- Nadja / André Breton -- El amor - La Acción Francesa, Francis de Miomandre , Jules Rivet, Blaise Cendrars, Fernand Divoire, Robert Desnos, Roland Penrose, Genbach, Joe Bousquet, Maurice Heine, Louis Aragon, Paul Nougé, Georges Sadoul -- Texto surrealista / Raymond Queneau -- Un motivo de paseo / Jean Ferry -- El tigre mundano / Jean Ferry -- La moda en los trópicos / Jorge Cáceres -- Sueños / Marcell Noll -- El soñador a través de las murallas / Pierre Reverdy -- Las bombas bencineras / Louis Aragón -- Madrugadoras / Teófilo Cid -- La reina de Carreau / Paul Eluard -- La mujer / Svanberg -- El brujo / Michel Leiris 
653 |a Arte 
653 |a Historia del arte 
653 |a Surrealismo 
653 |a Ensayo 
653 |a Ensayo fránces 
700 1 |a Ezcurdia, Alberto C., trad. 
859 |a CEMS  |b BIB. CEMS - 11 de abril  |h 709.0406  |i Ac73  |p 25564.09  |t Ej.1